[Event "Women's Speed Chess Q2"]
[Site "chess.com INT"]
[Date "2020.06.19"]
[Round "1"]
[White "Mkrtchian, Lilit"]
[Black "Berdychevskaya, Natasha"]
[Result "1-0"]
[WhiteTitle "IM"]
[BlackTitle "WFM"]
[WhiteElo "2388"]
[BlackElo "2208"]
[WhiteFideId "13300601"]
[BlackFideId "4159322"]
[EventDate "2020.06.19"]

1. d4 d5 2. c4 c5 3. Nf3 cxd4 4. cxd5 Nf6 5. Nxd4 Nxd5 6. e4 Nf6 7. Nc3 e5 8.
Bb5+ Bd7 9. Nf3 Bxb5 10. Qxd8+ Kxd8 11. Nxb5 Nc6 12. Bg5 a6 13. O-O-O+ Kc8 14.
Bxf6 gxf6 15. Nd6+ Bxd6 16. Rxd6 Rd8 17. Rxf6 Nb4 18. Rxf7 Nd3+ 19. Kb1 Nxf2 20.
Rc1+ Kb8 21. Rcc7 Ra7 22. Nxe5 Nxe4 23. Nc6+ bxc6 24. Rxa7 Rd1+ 25. Kc2 Rd2+ 26.
Kc1 Rxg2 27. Rae7 Rg1+ 28. Kc2 Rg2+ 29. Kd3 Nc5+ 30. Kc3 Na4+ 31. Kb3 Nb6 32.
Re8+ Nc8 33. Rff8 1-0

[Event "Women's Speed Chess Q2"]
[Site "chess.com INT"]
[Date "2020.06.19"]
[Round "1"]
[White "Padmini, Rout"]
[Black "Belenkaya, Dina"]
[Result "0-1"]
[WhiteTitle "IM"]
[BlackTitle "WGM"]
[WhiteElo "2370"]
[BlackElo "2297"]
[WhiteFideId "5029295"]
[BlackFideId "24142654"]
[EventDate "2020.06.19"]

1. e4 d5 2. exd5 Qxd5 3. Nc3 Qa5 4. d4 Nf6 5. Nf3 c6 6. Bc4 Bf5 7. Ne5 e6 8. g4
Bg6 9. h4 Nbd7 10. Nxd7 Nxd7 11. h5 Be4 12. O-O Bd5 13. Nxd5 cxd5 14. Bd3 Bd6
15. c3 O-O-O 16. f4 h6 17. Kg2 g6 18. hxg6 fxg6 19. Bxg6 Nf6 20. Rh1 Rdg8 21. f5
exf5 22. gxf5 Ne4 23. Bxh6 Ng3 24. Qg4 Kb8 25. Rh3 Qb5 26. Bf4 Qxb2+ 27. Kxg3
Qxc3+ 28. Kg2 Qb2+ 29. Kg3 Rxh3+ 30. Kxh3 Rh8+ 31. Kg3 Qc3+ 32. Kf2 Qb2+ 33. Kg3
Qh2+ 34. Kf3 Rh3+ 0-1

[Event "Women's Speed Chess Q2"]
[Site "chess.com INT"]
[Date "2020.06.19"]
[Round "1"]
[White "Tsotsonava, Elene"]
[Black "Miroshnik, Ekaterina"]
[Result "0-1"]
[WhiteTitle "WFM"]
[BlackTitle "WFM"]
[WhiteElo "2012"]
[BlackElo "2139"]
[WhiteFideId "13615939"]
[BlackFideId "34127698"]
[EventDate "2020.06.19"]

1. e4 d6 2. d4 Nd7 3. Nc3 g6 4. f4 Bg7 5. Nf3 e6 6. Bd3 Ne7 7. Be3 O-O 8. Qd2 b6
9. O-O-O Bb7 10. f5 exf5 11. exf5 Re8 12. h4 Nxf5 13. Bxf5 gxf5 14. Bh6 Qf6 15.
Bg5 Qe6 16. d5 Bxc3 17. Qd3 Bxb2+ 18. Kxb2 Qe4 19. Qb3 Nc5 20. Qa3 Bxd5 21. Rhe1
Qc4 22. Rxe8+ Rxe8 23. Nd4 Na4+ 24. Ka1 Nc3 25. Nxf5 Nxd1 26. Nh6+ Kg7 27. Nf5+
Kg8 28. Ne7+ Rxe7 29. Bxe7 Qd4+ 30. Kb1 Nc3+ 31. Kc1 Qe3+ 32. Kb2 Nd1+ 0-1

[Event "Women's Speed Chess Q2"]
[Site "chess.com INT"]
[Date "2020.06.19"]
[Round "1"]
[White "Kanyamarala, Trisha"]
[Black "Sukandar, Irine Kharisma"]
[Result "0-1"]
[WhiteTitle "WIM"]
[BlackTitle "IM"]
[WhiteElo "2193"]
[BlackElo "2413"]
[WhiteFideId "45004722"]
[BlackFideId "7101937"]
[EventDate "2020.06.19"]

1. d4 Nf6 2. c4 c5 3. d5 b5 4. cxb5 a6 5. bxa6 g6 6. Nc3 Bxa6 7. Nf3 Bg7 8. e4
Bxf1 9. Kxf1 d6 10. g3 O-O 11. Kg2 Qb6 12. a4 Na6 13. Re1 Nc7 14. Ra3 Rfb8 15.
e5 dxe5 16. Nxe5 Qb7 17. Nc6 Ncxd5 18. Nxd5 Qxc6 19. Kg1 Nxd5 20. Qf3 e6 21. Bf4
Rb4 22. Be5 Bxe5 23. Rxe5 Rbxa4 24. Rae3 Ra1+ 25. Re1 Rxe1+ 26. Rxe1 Rb8 27. Qe2
Qb5 28. Qe5 Qxb2 29. Qd6 Qb6 30. Qe5 c4 31. Rc1 c3 32. h4 Qb2 33. Rc2 Qb1+ 34.
Kh2 Rc8 35. Qe4 Nb4 36. Qb7 Qxc2 37. Qxc8+ Kg7 38. Qc5 Nc6 39. Kg2 Qe4+ 40. f3
Qe2+ 41. Kh3 Qxf3 42. h5 Qxh5+ 43. Qxh5 gxh5 44. Kg2 c2 45. Kf2 c1=Q 46. Ke2
Nd4+ 0-1

[Event "Women's Speed Chess Q2"]
[Site "chess.com INT"]
[Date "2020.06.19"]
[Round "1"]
[White "Castillo Pena, Patricia Evarista"]
[Black "Franco Valencia, Beatriz Irene"]
[Result "0-1"]
[WhiteTitle "WCM"]
[BlackTitle "WGM"]
[WhiteElo "1770"]
[BlackElo "2103"]
[WhiteFideId "6412106"]
[BlackFideId "4402618"]
[EventDate "2020.06.19"]

1. d4 d6 2. Nf3 Nd7 3. e4 g6 4. Nc3 Bg7 5. Be3 e5 6. dxe5 dxe5 7. Bc4 h6 8. Qd2
c6 9. O-O-O Qc7 10. h4 Nb6 11. Bb3 Bg4 12. Kb1 Bd7 13. h5 g5 14. Bxg5 hxg5 15.
Qxg5 Bf6 16. Qe3 O-O-O 17. h6 Ne7 18. Rd2 Be6 19. Bxe6+ fxe6 20. Rhd1 Rxd2 21.
Rxd2 Ng6 22. Rd1 Rd8 23. Rh1 Nc4 24. Qe1 Qb6 25. b3 Na3+ 26. Kb2 Nb5 27. Na4 Qc7
28. h7 Nd4 29. Nxd4 exd4 30. Nc5 d3+ 31. c3 d2 32. Qd1 Qe5 0-1

[Event "Women's Speed Chess Q2"]
[Site "chess.com INT"]
[Date "2020.06.19"]
[Round "1"]
[White "Babiy, Olga"]
[Black "Skuhala, Barbara"]
[Result "1-0"]
[WhiteTitle "WGM"]
[BlackTitle "WFM"]
[WhiteElo "2228"]
[BlackElo "2095"]
[WhiteFideId "14117258"]
[BlackFideId "14605465"]
[EventDate "2020.06.19"]

1. e4 c5 2. Nf3 d6 3. d4 cxd4 4. Nxd4 Nf6 5. Nc3 a6 6. Be3 e5 7. Nb3 Be7 8. h3
Be6 9. Qf3 h5 10. Be2 g6 11. O-O-O Nbd7 12. g4 Rc8 13. g5 Nh7 14. Nd5 Bxd5 15.
Rxd5 b5 16. h4 Qc7 17. Rd2 Nhf8 18. Kb1 Ne6 19. Rc1 Ndc5 20. c4 b4 21. Bd1 a5
22. Nxc5 Nxc5 23. Bxc5 Qxc5 24. Ba4+ Kf8 25. Bd7 Rc7 26. Be6 Rh7 27. Rd5 Qb6 28.
Rb5 Qa7 29. Bd5 Rg7 30. Qg3 Kg8 31. f4 Kh7 32. f5 Bf8 33. Qf3 Qd4 34. Rb8 Kg8
35. fxg6 Qe3 36. Qxe3 1-0

[Event "Women's Speed Chess Q2"]
[Site "chess.com INT"]
[Date "2020.06.19"]
[Round "1"]
[White "Jannatul, Ferdous"]
[Black "Michelle Catherina, P"]
[Result "0-1"]
[WhiteTitle "WCM"]
[BlackTitle "WIM"]
[WhiteElo "1844"]
[BlackElo "2176"]
[WhiteFideId "10212590"]
[BlackFideId "5005736"]
[EventDate "2020.06.19"]

1. e4 e5 2. Nf3 Nc6 3. Bb5 g6 4. O-O Bg7 5. c3 a6 6. Ba4 Nge7 7. d4 exd4 8. cxd4
b5 9. Bc2 d5 10. e5 O-O 11. Be3 Bg4 12. h3 Bf5 13. Nc3 Qd7 14. Rc1 Na5 15. b3
Bxc2 16. Qxc2 Nf5 17. Ne2 Rac8 18. Nf4 Nxe3 19. fxe3 f6 20. exf6 Bxf6 21. Qc5 c6
22. Nd3 Nb7 23. Qc2 Nd6 24. Nc5 Qe7 25. Qd3 a5 26. Nh2 Bg5 27. Rxf8+ Rxf8 28.
Re1 Bh4 29. Re2 Ne4 30. Ng4 Nxc5 31. dxc5 Qxc5 32. Ne5 Bg3 33. Nd7 Qc1+ 0-1

[Event "Women's Speed Chess Q2"]
[Site "chess.com INT"]
[Date "2020.06.19"]
[Round "1"]
[White "Paehtz, Elisabeth"]
[Black "Kabanova, Ekaterina"]
[Result "1-0"]
[WhiteTitle "IM"]
[BlackTitle "WFM"]
[WhiteElo "2473"]
[BlackElo "2138"]
[WhiteFideId "4641833"]
[BlackFideId "24112917"]
[EventDate "2020.06.19"]

1. d4 c5 2. c3 e6 3. Nf3 a6 4. Bf4 Nf6 5. e3 b6 6. h3 Bb7 7. Nbd2 d6 8. Bd3 Qc7
9. Bh2 Nbd7 10. O-O b5 11. Re1 Be7 12. Qe2 O-O 13. Rad1 h6 14. Bb1 c4 15. e4 e5
16. Nf1 Rfe8 17. Ng3 g6 18. Qd2 Bf8 19. b4 a5 20. a3 axb4 21. axb4 Ra3 22. d5
Rea8 23. Nf1 Bg7 24. Ne3 Rb3 25. Ng4 Kh7 26. Bg3 Raa3 27. Rc1 Qb6 28. Bh4 Nxg4
29. hxg4 Nf6 30. Bxf6 Bxf6 31. g3 Bc8 32. g5 hxg5 33. Kg2 Kg7 34. Nxg5 Bxg5 35.
Qxg5 Rxc3 36. Rxc3 Rxc3 37. Rh1 1-0

[Event "Women's Speed Chess Q2"]
[Site "chess.com INT"]
[Date "2020.06.19"]
[Round "1"]
[White "Charochkina, Daria"]
[Black "Starosta, Martyna"]
[Result "1-0"]
[WhiteTitle "IM"]
[BlackTitle "WCM"]
[WhiteElo "2356"]
[BlackElo "2079"]
[WhiteFideId "4180917"]
[BlackFideId "21818754"]
[EventDate "2020.06.19"]

1. c4 e5 2. Nc3 Nf6 3. g3 d5 4. cxd5 Nxd5 5. Bg2 Nb6 6. e3 Be7 7. Nge2 O-O 8.
O-O Bg4 9. h3 Be6 10. b3 c6 11. Bb2 Qc8 12. Kh2 N8d7 13. f4 exf4 14. Nxf4 Nf6
15. Rc1 Qd7 16. Nxe6 Qxe6 17. Ne2 Nbd5 18. Nd4 Qd7 19. Nf5 Rad8 20. Qf3 Kh8 21.
Rc4 Nb6 22. Rd4 Qe6 23. Nxg7 Kxg7 24. Re4 Qd6 25. Rxe7 Nd5 26. Qg4+ Kh8 27. Rxf6
Nxf6 28. Qg5 Qxe7 29. Bxf6+ Qxf6 30. Qxf6+ Kg8 31. d4 Rfe8 32. Be4 Rxe4 33.
Qxd8+ Kg7 34. Qg5+ Kf8 35. Kg2 b6 36. Kf3 Re6 37. e4 h6 38. Qd8+ Kg7 39. e5 c5
40. Ke4 cxd4 41. Kxd4 f6 42. Qd7+ Kg6 43. Qxe6 Kh5 44. Qg4# 1-0

[Event "Women's Speed Chess Q2"]
[Site "chess.com INT"]
[Date "2020.06.19"]
[Round "1"]
[White "Schut, Lisa"]
[Black "Tarleva, Vira"]
[Result "0-1"]
[WhiteTitle "WIM"]
[BlackTitle "WFM"]
[WhiteElo "2259"]
[BlackElo "2030"]
[WhiteFideId "1019481"]
[BlackFideId "14116693"]
[EventDate "2020.06.19"]

1. e4 c5 2. Nf3 d6 3. d4 cxd4 4. Nxd4 Nf6 5. Nc3 Nc6 6. Be3 Ng4 7. Bc1 Qb6 8.
Be3 Nxe3 9. fxe3 e6 10. Bc4 Be7 11. O-O O-O 12. Bb3 Ne5 13. Kh1 a6 14. Qe2 Bf6
15. Rad1 Qc7 16. Qe1 b5 17. Rxf6 gxf6 18. Qh4 Qe7 19. Nf5 Qd8 20. Rxd6 Ng6 21.
Qh6 exf5 22. Rxd8 Rxd8 23. Nd5 Rd6 24. h4 Bb7 25. h5 Bxd5 26. Bxd5 Ne5 27. Bxa8
Rd1+ 28. Kh2 Ng4+ 29. Kg3 Nxh6 30. exf5 Nxf5+ 31. Kf4 Nd6 32. Bf3 Rd2 33. c3
Rxb2 34. h6 Rxa2 0-1

[Event "Women's Speed Chess Q2"]
[Site "chess.com INT"]
[Date "2020.06.19"]
[Round "1"]
[White "Eswaran, Aksithi"]
[Black "Nandhidhaa, P V"]
[Result "0-1"]
[WhiteTitle "WCM"]
[BlackTitle "WGM"]
[WhiteElo "1745"]
[BlackElo "2365"]
[WhiteFideId "2083485"]
[BlackFideId "5050847"]
[EventDate "2020.06.19"]

1. e4 c5 2. Nf3 e6 3. d4 cxd4 4. Nxd4 Nc6 5. Nc3 Qc7 6. Be3 a6 7. Be2 Nf6 8. O-O
Be7 9. f4 d6 10. Qd2 O-O 11. Rad1 Bd7 12. Qe1 Rac8 13. Qg3 b5 14. a3 Nxd4 15.
Bxd4 Bc6 16. e5 dxe5 17. fxe5 Nd7 18. Bd3 Bc5 19. Bxc5 Nxc5 20. Kh1 Nxd3 21.
Rxd3 Rfd8 22. Rfd1 Rxd3 23. Qxd3 g6 24. Qd6 Qxd6 25. Rxd6 Kf8 26. Ne2 Ke7 27.
Nd4 Be4 28. c3 Rc5 29. Rxa6 Rxe5 30. h3 Kf6 31. Nf3 Bxf3 32. gxf3 Re1+ 33. Kg2
Re2+ 34. Kg3 Rxb2 35. Rb6 Rb3 36. h4 Rxc3 37. Rxb5 Rxa3 38. Rc5 Rd3 39. Rc4 h6
40. Rf4+ Kg7 41. Re4 g5 42. hxg5 hxg5 43. Rg4 Kg6 44. Rc4 f5 45. Rc6 Kf6 46. Rc4
g4 47. Rf4 gxf3 0-1

[Event "Women's Speed Chess Q2"]
[Site "chess.com INT"]
[Date "2020.06.19"]
[Round "1"]
[White "Tsukerman, Julia"]
[Black "Eswaran, Ashritha"]
[Result "0-1"]
[WhiteTitle "WCM"]
[BlackTitle "WIM"]
[WhiteElo "1523"]
[BlackElo "2244"]
[WhiteFideId "2621649"]
[BlackFideId "2080788"]
[EventDate "2020.06.19"]

1. e4 c5 2. Nf3 a6 3. d4 cxd4 4. Nxd4 e5 5. Nb3 Nf6 6. Nc3 Bb4 7. Bd2 O-O 8. Bd3
Nc6 9. O-O Bxc3 10. Bxc3 d6 11. a3 Be6 12. Nd2 Rc8 13. b3 Ne7 14. Bb2 Ng6 15.
Re1 Nf4 16. Bc4 Bg4 17. f3 Bd7 18. Nf1 b5 19. Bd3 N6h5 20. Ne3 Qg5 21. Bf1 Rc6
22. Qd2 Rfc8 23. Rac1 Nf6 24. Kh1 h5 25. Red1 h4 26. Qf2 N6h5 27. Nd5 Nxd5 28.
Rxd5 Nf4 29. Rdd1 g6 30. c4 bxc4 31. Bxc4 Kg7 32. Bf1 Be6 33. b4 Bb3 34. Rxc6
Rxc6 35. Rc1 Nd3 36. Bxd3 Rxc1+ 37. Bxc1 Qxc1+ 38. Bf1 Bc4 39. Kg1 g5 40. h3 Kg6
41. a4 f6 42. b5 axb5 43. axb5 Bxb5 44. g3 hxg3 45. Qg2 Kg7 46. h4 gxh4 47. Qh3
Qxf1+ 48. Qxf1 Bxf1 49. Kxf1 Kg6 0-1

[Event "Women's Speed Chess Q2"]
[Site "chess.com INT"]
[Date "2020.06.19"]
[Round "1"]
[White "Yip, Carissa"]
[Black "Soumya, Swaminathan"]
[Result "1-0"]
[WhiteTitle "IM"]
[BlackTitle "IM"]
[WhiteElo "2420"]
[BlackElo "2351"]
[WhiteFideId "2090732"]
[BlackFideId "5016193"]
[EventDate "2020.06.19"]

1. e4 c5 2. Nf3 Nc6 3. d4 cxd4 4. Nxd4 Nf6 5. Nc3 d6 6. Bg5 e6 7. Qd2 a6 8.
O-O-O Bd7 9. f4 b5 10. a3 Qb6 11. Nf3 b4 12. axb4 Qxb4 13. e5 Rb8 14. b3 Na5 15.
Nd4 dxe5 16. fxe5 Qa3+ 17. Kb1 Bc5 18. exf6 O-O 19. fxg7 Rfc8 20. Ndb5 axb5 21.
Qxd7 Bb4 22. Nxb5 1-0

[Event "Women's Speed Chess Q2"]
[Site "chess.com INT"]
[Date "2020.06.19"]
[Round "1"]
[White "Dauletova, Gulmira"]
[Black "Alexanian, Nelli"]
[Result "1-0"]
[WhiteTitle "WIM"]
[BlackTitle "WIM"]
[WhiteElo "2319"]
[BlackElo "1986"]
[WhiteFideId "13702971"]
[BlackFideId "4170539"]
[EventDate "2020.06.19"]

1. e4 e6 2. d4 d5 3. Nd2 a5 4. Ngf3 Nf6 5. e5 Nfd7 6. Bd3 c5 7. c3 Nc6 8. O-O
cxd4 9. cxd4 Qb6 10. Qa4 Qb4 11. Qxb4 axb4 12. Nb3 b6 13. Bd2 Be7 14. Bb5 Bb7
15. Rfc1 Ndb8 16. h4 Kd7 17. Bg5 f6 18. Bf4 Na6 19. h5 Nc7 20. Bxc6+ Bxc6 21. h6
g5 22. exf6 Bxf6 23. Bxg5 Bxg5 24. Nxg5 Ba4 25. Nd2 Raf8 26. Ndf3 Ne8 27. Ne5+
Ke7 28. b3 Bb5 29. a4 Bd7 30. a5 bxa5 31. Rxa5 Rf4 32. Ra7 Nf6 33. Rcc7 Rd8 34.
Nc6+ Ke8 35. Nxd8 Kxd8 36. Nf7+ Ke7 37. Ne5 Rxd4 38. Nc6+ 1-0

[Event "Women's Speed Chess Q2"]
[Site "chess.com INT"]
[Date "2020.06.19"]
[Round "1"]
[White "Goryachkina, Aleksandra"]
[Black "Vifleemskaia, Svetlana"]
[Result "1-0"]
[WhiteTitle "GM"]
[BlackTitle "WFM"]
[WhiteElo "2582"]
[BlackElo "1943"]
[WhiteFideId "4147103"]
[BlackFideId "4129490"]
[EventDate "2020.06.19"]

1. e4 e5 2. Nf3 Nc6 3. d4 exd4 4. Bc4 Nf6 5. O-O Nxe4 6. Re1 d5 7. Bxd5 Qxd5 8.
Nc3 Qa5 9. Nxe4 Be6 10. Neg5 O-O-O 11. Nxe6 fxe6 12. Rxe6 h6 13. Bd2 Qd5 14. Qe2
g5 15. h3 Bc5 16. a3 d3 17. cxd3 Qxd3 18. Qxd3 Rxd3 19. Bc3 Nd4 20. Nxd4 Bxd4
21. Bxd4 Rxd4 22. Rc1 Kd7 23. Rg6 Rh7 24. Rc2 Rd6 25. Rxd6+ Kxd6 26. h4 gxh4 27.
Rc4 c5 28. Rxh4 Kd5 29. f3 b5 30. Kf2 c4 31. Rh5+ Kc6 32. Ke3 Re7+ 33. Kd4 Re6
34. g4 Rf6 35. Ke4 a5 36. a4 bxa4 37. Rxa5 Re6+ 38. Kd4 Rf6 39. Ra6+ Kb5 40.
Rxf6 1-0

[Event "Women's Speed Chess Q2"]
[Site "chess.com INT"]
[Date "2020.06.19"]
[Round "1"]
[White "Franco Valencia, Angela"]
[Black "Pham, Le Thao Nguyen"]
[Result "1-0"]
[WhiteTitle "WIM"]
[BlackTitle "IM"]
[WhiteElo "2089"]
[BlackElo "2366"]
[WhiteFideId "4403070"]
[BlackFideId "12401226"]
[EventDate "2020.06.19"]

1. e4 c5 2. Nf3 e6 3. d4 cxd4 4. Nxd4 a6 5. Nc3 Qc7 6. g3 b5 7. Bg2 Bb7 8. O-O
Nc6 9. Re1 Nxd4 10. Qxd4 d6 11. a4 bxa4 12. Rxa4 Nf6 13. Bg5 Be7 14. Rea1 O-O
15. Bf1 h6 16. Be3 Nd7 17. Qc4 Qxc4 18. Bxc4 Bf6 19. f3 Rfc8 20. Nd1 Ne5 21. Bb3
Nxf3+ 22. Kf2 Ne5 23. h3 Rc7 24. c3 Bc8 25. Bc2 Rb8 26. b3 Nd7 27. Bd2 Nc5 28.
R4a3 Bb7 29. Kf3 d5 30. Nf2 Be7 31. Ra5 dxe4+ 32. Ke2 Bd5 33. b4 Nd3 34. Nxd3
exd3+ 35. Bxd3 Bf6 36. Rxa6 Bxc3 37. Bxc3 Rxc3 38. b5 Rb3 39. Rd6 Rb2+ 40. Ke3
Rb3 41. Ke2 Rc8 42. Ra7 Rcc3 43. Rd8# 1-0

[Event "Women's Speed Chess Q2"]
[Site "chess.com INT"]
[Date "2020.06.19"]
[Round "1"]
[White "Stefanova, Antoaneta"]
[Black "Foisor, Sabina-Francesca"]
[Result "1/2-1/2"]
[WhiteTitle "GM"]
[BlackTitle "WGM"]
[WhiteElo "2462"]
[BlackElo "2228"]
[WhiteFideId "2902257"]
[BlackFideId "1212915"]
[EventDate "2020.06.19"]

1. d4 d5 2. Bf4 e6 3. e3 Bd6 4. Bg3 Nf6 5. Nd2 O-O 6. Ngf3 b6 7. Bd3 c5 8. c3
Ba6 9. Bxa6 Nxa6 10. Ne5 b5 11. O-O Nd7 12. Nxf7 Rxf7 13. Bxd6 c4 14. a4 Nf6 15.
axb5 Qxd6 16. Rxa6 Qc7 17. Rxe6 Qd7 18. Re5 Qxb5 19. b3 cxb3 20. Qxb3 Rb8 21.
Qxb5 Rxb5 22. Ra1 a5 23. e4 Rb2 24. Nf1 Nxe4 25. Re8+ Rf8 26. Rxf8+ Kxf8 27. Ne3
Nxc3 28. g4 a4 29. Kg2 Rb4 30. Ra3 Ne2 31. Nxd5 Rxd4 32. Ne3 Rb4 33. h4 Nf4+ 34.
Kf3 Ne6 35. h5 Nc5 36. g5 Rb3 37. Rxb3 axb3 38. Nc4 Na4 39. Ke3 b2 40. Na3 Nc3 1/2-1/2

[Event "Women's Speed Chess Q2"]
[Site "chess.com INT"]
[Date "2020.06.19"]
[Round "1"]
[White "Kashlinskaya, Alina"]
[Black "Protopopova, Anastasiya"]
[Result "1-0"]
[WhiteTitle "IM"]
[BlackTitle "WFM"]
[WhiteElo "2494"]
[BlackElo "2192"]
[WhiteFideId "4198026"]
[BlackFideId "24172073"]
[EventDate "2020.06.19"]

1. d4 Nf6 2. c4 e6 3. Nf3 Bb4+ 4. Nbd2 b6 5. a3 Bxd2+ 6. Qxd2 Bb7 7. e3 O-O 8.
Be2 Ne4 9. Qc2 d6 10. O-O Nd7 11. b4 f5 12. d5 e5 13. Nd2 Nxd2 14. Bxd2 f4 15.
e4 Qh4 16. f3 Rf6 17. Be1 Qh5 18. Bf2 Rh6 19. h3 Rg6 20. Kh2 Qg5 21. Rg1 Nf6 22.
c5 Ne8 23. cxd6 Rxd6 24. Rgd1 Bc8 25. Bf1 Bd7 26. Rac1 Rc8 27. Qb3 Kh8 28. Rd2
Qf6 29. Rdc2 g5 30. Be1 h5 31. Qb2 Ba4 32. Bc3 Kh7 33. Bxe5 Qg6 34. Bxd6 Bxc2
35. Be5 Ba4 36. b5 Rd8 37. Rc6 Rd7 38. Rxg6 1-0

[Event "Women's Speed Chess Q2"]
[Site "chess.com INT"]
[Date "2020.06.19"]
[Round "1"]
[White "Bodnaruk, Anastasia"]
[Black "Nguyen, Thi Mai Hung"]
[Result "1-0"]
[WhiteTitle "IM"]
[BlackTitle "WGM"]
[WhiteElo "2411"]
[BlackElo "2258"]
[WhiteFideId "4181751"]
[BlackFideId "12401676"]
[EventDate "2020.06.19"]

1. e4 e6 2. d4 d5 3. e5 c5 4. c3 Nc6 5. Nf3 Qb6 6. a3 c4 7. g3 Bd7 8. h4 Na5 9.
Nbd2 Ne7 10. Bh3 Nc8 11. O-O Be7 12. h5 h6 13. Nh2 Qc7 14. f4 Nb6 15. f5 O-O-O
16. fxe6 Bxe6 17. Bxe6+ fxe6 18. Qg4 Qd7 19. Rf7 Rhg8 20. Ndf3 Nb3 21. Rb1 Nxc1
22. Rxc1 Na4 23. Rc2 Kc7 24. Rxg7 Rxg7 25. Qxg7 Bf8 26. Qxd7+ Rxd7 27. Kg2 Kd8
28. Ng4 Rc7 29. Ne3 Rc6 30. Nd1 Rb6 31. g4 Bg7 32. Rf2 Ke7 33. g5 hxg5 34. Nxg5 1-0

[Event "Women's Speed Chess Q2"]
[Site "chess.com INT"]
[Date "2020.06.19"]
[Round "1"]
[White "Fernandez, Maria Florencia"]
[Black "Daulyte-Cornette, Deimante"]
[Result "0-1"]
[WhiteTitle "WIM"]
[BlackTitle "IM"]
[WhiteElo "2229"]
[BlackElo "2400"]
[WhiteFideId "116459"]
[BlackFideId "12802859"]
[EventDate "2020.06.19"]

1. d4 Nf6 2. c4 b6 3. Nc3 Bb7 4. f3 d5 5. Bg5 e6 6. e3 h6 7. Bh4 Be7 8. cxd5
exd5 9. Bd3 c5 10. Nge2 Nc6 11. O-O O-O 12. a3 Rc8 13. Bf2 cxd4 14. Nxd4 Nxd4
15. exd4 Bd6 16. Qd2 Qc7 17. g3 a6 18. Rac1 Qd7 19. Rfe1 Rfe8 20. Bf1 b5 21. Na2
Qf5 22. Bg2 Rxe1+ 23. Qxe1 Rc4 24. Nb4 a5 25. Na2 Rxc1 26. Nxc1 Qc2 27. Be3 b4
28. Qd2 Qxd2 29. Bxd2 bxa3 30. bxa3 Bxa3 31. Na2 a4 32. Bf1 Bb2 33. Be3 a3 34.
Bb5 Kf8 35. Kf2 Ke7 36. Ke2 Nd7 37. Kd3 Nb8 38. Bd2 Ba6 39. Bb4+ Ke6 0-1

[Event "Women's Speed Chess Q2"]
[Site "chess.com INT"]
[Date "2020.06.19"]
[Round "1"]
[White "Morris-Suzuki, Sophie"]
[Black "Ziegenfuss, Antonia"]
[Result "1-0"]
[WhiteTitle "WFM"]
[BlackTitle "WFM"]
[WhiteElo "2043"]
[BlackElo "2101"]
[WhiteFideId "30922615"]
[BlackFideId "12962554"]
[EventDate "2020.06.19"]

1. e4 c5 2. Nf3 e6 3. d4 cxd4 4. Nxd4 Nf6 5. Nc3 Nc6 6. Nxc6 bxc6 7. Bd3 d5 8.
O-O Be7 9. e5 Nd7 10. Qg4 Nxe5 11. Qxg7 Bf6 12. Qg3 h5 13. h3 h4 14. Qf4 Rg8 15.
Ne2 Nxd3 16. cxd3 e5 17. Qf3 Be6 18. d4 e4 19. Qe3 Bg5 20. Qc3 Rc8 21. f4 exf3
22. Qxf3 Bxc1 23. Raxc1 Qg5 24. Nf4 Qg3 25. Qe2 Kd7 26. Rc3 Qg7 27. Rcf3 Qxd4+
28. Kh1 Rce8 29. Nh5 Kc7 30. Qa6 Qb6 31. Qd3 Rg6 32. Nf4 Rg7 33. Nxe6+ fxe6 34.
Qc3 Reg8 35. Qe5+ Kb7 36. Rf7+ Rxf7 37. Rxf7+ Ka6 38. Rf6 Qxb2 39. Qxb2 1-0

[Event "Women's Speed Chess Q2"]
[Site "chess.com INT"]
[Date "2020.06.19"]
[Round "1"]
[White "Sviridova, Vlada"]
[Black "Dzagnidze, Nana"]
[Result "0-1"]
[WhiteTitle "WFM"]
[BlackTitle "GM"]
[WhiteElo "2144"]
[BlackElo "2524"]
[WhiteFideId "24109606"]
[BlackFideId "13601903"]
[EventDate "2020.06.19"]

1. d4 Nf6 2. c4 e6 3. Nf3 d5 4. Nc3 c5 5. cxd5 Nxd5 6. e4 Nxc3 7. bxc3 cxd4 8.
cxd4 Bb4+ 9. Bd2 Bxd2+ 10. Qxd2 O-O 11. Rc1 b6 12. Bd3 Bb7 13. O-O Nd7 14. Qe3
Rc8 15. Rxc8 Qxc8 16. Rc1 Qb8 17. e5 Rc8 18. Ng5 Rxc1+ 19. Qxc1 Nf8 20. Ne4 Bxe4
21. Bxe4 Qd8 22. Qc4 Ng6 23. g3 Ne7 24. h4 g6 25. Kf1 Qd7 26. a4 Kg7 27. Ke2 Nf5
28. Bxf5 gxf5 29. Ke3 Qb7 30. f3 Qe7 31. d5 exd5 32. Qxd5 Qa3+ 33. Qd3 Qxd3+ 34.
Kxd3 f6 35. exf6+ Kxf6 36. g4 fxg4 37. fxg4 Ke5 38. Ke3 a6 39. h5 h6 40. Kf3 Kf6
41. Kf4 b5 42. axb5 axb5 43. Ke4 Kg5 44. Kd4 Kxg4 45. Kc5 Kxh5 46. Kxb5 Kg4 47.
Kc4 h5 48. Kd3 Kf3 49. Kd2 Kf2 50. Kd3 h4 0-1

[Event "Women's Speed Chess Q2"]
[Site "chess.com INT"]
[Date "2020.06.19"]
[Round "1"]
[White "Kazarian, Anna-Maja"]
[Black "Zhao, Xue"]
[Result "0-1"]
[WhiteTitle "FM"]
[BlackTitle "GM"]
[WhiteElo "2096"]
[BlackElo "2486"]
[WhiteFideId "1033689"]
[BlackFideId "8601283"]
[EventDate "2020.06.19"]

1. e4 c6 2. d4 d6 3. Nc3 Nf6 4. Nf3 g6 5. Be2 Bg7 6. h3 O-O 7. Be3 Qc7 8. Qd2 b5
9. Bd3 e5 10. a4 b4 11. Ne2 a5 12. dxe5 dxe5 13. Bh6 Rd8 14. Bxg7 Kxg7 15. Qe3
c5 16. Bc4 Ba6 17. Bxa6 Nxa6 18. O-O c4 19. Rfd1 Nc5 20. Nd2 Ne6 21. g3 Qc6 22.
f4 exf4 23. gxf4 Rac8 24. e5 Nd5 25. Qg3 c3 26. bxc3 bxc3 27. Ne4 Ndxf4 28. Nxf4
Qxe4 29. Nxe6+ fxe6 30. Qg5 Rd2 31. Rxd2 cxd2 32. Qxd2 Rxc2 33. Qg5 Qd4+ 34. Kh1
Qxa1+ 35. Qg1 Rc1 0-1

[Event "Women's Speed Chess Q2"]
[Site "chess.com INT"]
[Date "2020.06.19"]
[Round "1"]
[White "Tania, Sachdev"]
[Black "Berzina, Ilze"]
[Result "1-0"]
[WhiteTitle "IM"]
[BlackTitle "WGM"]
[WhiteElo "2392"]
[BlackElo "2192"]
[WhiteFideId "5007844"]
[BlackFideId "11601345"]
[EventDate "2020.06.19"]

1. d4 d5 2. c4 c6 3. Nf3 Nf6 4. Nc3 dxc4 5. a4 Bf5 6. Ne5 e6 7. e3 Nbd7 8. Nxc4
Nb6 9. Ne5 a5 10. Be2 Bb4 11. O-O O-O 12. Na2 Bd6 13. Nd3 Qc7 14. f4 c5 15. Nc3
cxd4 16. Nb5 Qe7 17. Nxd4 Be4 18. b3 Rfd8 19. Qe1 Nbd5 20. Nf2 Bb4 21. Bd2 Nxe3
22. Nxe4 Nxe4 23. Bxb4 axb4 24. Rf3 Rxd4 25. Rxe3 Rad8 26. Bf3 Nc3 27. f5 Qc5
28. Qf2 Rd2 29. Be2 Nxe2+ 30. Rxe2 Rd1+ 31. Re1 Rxe1+ 32. Rxe1 Qxf5 33. Qxf5
exf5 34. Re7 Kf8 35. Rxb7 Rd4 36. Kf2 1-0